000 00932nam a22001935i 4500
001 156030
003 ES-MaACL
005 20230906210310.0
008 020509s1896 sp |||| | spa d
040 _aNA
_bspa
_cNA
110 0 _aInstituto Provincial de Segunda Enseñanza de Navarra.
_95223
245 1 0 _aMemoria sobre el estado del Instituto Provincial de 2ª Enseñanza de Navarra /
_cleída el día 1º de Octubre en la solemne apertura del curso académico de 1896 á 1897 por Severo Simavilla y Sagastibelza.
260 _aPamplona :
_b[s.n.],
_c1896 (
_fImprenta Provincial á cargo de J. Ezquerro)
300 _a81 p. ;
_c23 cm.
510 4 _aPérez Goyena,
_c7510
610 2 4 _aInstituto Provincial de Segunda Enseñanza de Navarra-
_vMemorias.
_9134531
700 2 1 _aSimavilla y Sagastibelza, Severo.
_9132752
852 _aES-MaACL
_jT-868-F-8
_z-- Enc. hol. conservando la cub. original
_z-- Enc. en un vol. facticio
999 _c156030
_d156030